| 000 | 01049nam a22002657i 4500 | ||
|---|---|---|---|
| 003 | DO-SdBNP | ||
| 005 | 20250808095048.0 | ||
| 007 | ta | ||
| 008 | 201113b 2010 dr a 00| 0 eng d | ||
| 040 |
_aDO-SdBNP _bspa _cBNPHU _erda |
||
| 041 | _asp | ||
| 082 |
_axxx _bS666e _222 |
||
| 100 | 1 |
_aSmolen, David _eautor _4aut. _972412 |
|
| 245 | 1 | 0 |
_aLa escuela te necesita : _bUn folleto popular sobre como formar y apoyar una sociedad de padres y amigos de la escuela. _cDavid Smolen ; dibujos por George Husen ; composición y diagramación Olga Cunillera. |
| 264 |
_aSanto Domingo : _bAcción para la Educación Básica, EDUCA, _c2010? |
||
| 300 |
_a51 páginas : _bilustraciones ; _c21 cm. |
||
| 336 |
_ardacontent _btexto _2txt |
||
| 337 |
_ardamedia _bsin mediación _2n |
||
| 338 |
_ardacarrier _bvolumen _2nc |
||
| 500 | _aLa impresión ha sido posible gracias a la generosa donación de Colgate Palmolive y Empresa Unidas. | ||
| 590 | _aInventariado, 2020 /DG | ||
| 700 |
_aHusen, George _edibujo _983889 |
||
| 910 | _aDG | ||
| 942 |
_2ddc _cLF2 |
||
| 999 |
_c49127 _d49127 |
||